| 000 | 00860nam a2200265 i 4500 | ||
|---|---|---|---|
| 003 | DO-SdBNP | ||
| 005 | 20240228084930.0 | ||
| 007 | ta | ||
| 008 | 210720b 2017 dr 00| 0 eng d | ||
| 020 | _a9789945893151 | ||
| 040 |
_aDO-SdBNP _bspa _cBNPHU _erda |
||
| 082 | 4 | _222 | |
| 100 | 1 |
_aLappot Robles, Teófilo, _d1957- _974151 |
|
| 245 | 1 | 3 |
_aEl suroeste dominicano, su franja más al sur / _cTeófilo Lappot Robles. |
| 264 |
_aSanto Domingo : _bAmigo del Hogar, _c2017 |
||
| 300 |
_a287 páginas ; _c23 cm. |
||
| 336 |
_2rdacontent _atexto _btxt |
||
| 337 |
_2rdamedia _asin mediación _bn |
||
| 338 |
_2rdacarrier _avolumen _bnc |
||
| 500 | _aIncluye índice onomástico | ||
| 500 | _aIncluye datos biográficos del autor en la solapa de la cubierta | ||
| 504 | _aBibliografía : p. 259-269 | ||
| 590 | _aInventariado, 2021 /LP | ||
| 942 |
_2ddc _cLBS1 |
||
| 999 |
_c50146 _d50146 |
||